Ricostruisci la Carriera del Calciatore - Giovanni Di Lorenzo - Statistics

Statistiche generali
  • Questo quiz è stato fatto 16 volte
  • Il punteggio medio è 4 su 7
Statistiche sulle risposte
Hint Risposta % Corretto
2019- Napoli
100%
2017-2019 Empoli
60%
2009 Lucchese
60%
2015-2017 Matera
60%
2012-2013 Cuneo
40%
2013-2015 Reggina
40%
2009-2012 Reggina
30%
Nessun quiz corrispondente trovato
Distribuzione punteggi
Percentuale di utenti per punteggio
Percentile per numero di risposta
I tuoi punteggi nel tempo
Non hai fatto questo quiz